00427nam a2200169 a 45000010005000000030009000050080041000140400028000550820016000831000030000992450030001292600031001593000014001904900023002046500015002276500015002421033CO-ViMGA141112s2004 ck r 000 u spa d aCO-ViMGAbspacCO-ViMGA04a745.5 V196c1 aVázquez López, Manuel10aCómo decorar con cromos aBarcelona : bCeac, c1990 a47 p : il aCómo hacerlo, 5614aARTESANIAS14aDECORACION